000 00867nam a2200229Ia 4500
001 L248-14886
003 IT-CnALBA
008 170116s9999||||xx |||||||||||||| ||und||
040 _aIT-CnALBA
_cIT-CnALBA
041 _aITALIANO
100 _aAIUTI LUIGI, MONS. DOTT.
245 0 _a...EGLI DISSE DI AMARCI! CONFERENZE.
250 _a1a ed.
260 _a ROMA
_bFERRARI FRANCESCO LIBR. ED. REL.
_c1937 [1° Ed.:1937 - Ed.Ling.Originale: 1937]
300 _a235 p.
500 _aAMORE DI DIO. AMORE DEL PROSSIMO. CARITÀ. PACE. SANTITÀ. S. VINCENZO DÈ PAOLI.
501 _aSocietà San Paolo EM - Piazza San Paolo, 14 - 12051 ALBA (CN) (non commercial uses only) ® Copyright 2017
520 _aAMORE DI DIO. AMORE DEL PROSSIMO. CARITÀ. PACE. SANTITÀ. S. VINCENZO DÈ PAOLI.
650 _aASCETICA E MISTICA
942 _cBK
957 _71
999 _a19636
_bSI
_g Copie: 1
_c274057
_d274057